| 000 | 00508nam a22001697a 4500 | ||
|---|---|---|---|
| 999 |
_c9177 _d9177 |
||
| 008 | 210326b ||||| |||| 00| 0 eng d | ||
| 040 | _aBMS College of Architecture | ||
| 100 | _aMalagi, G, Rajeev | ||
| 245 | _aCommunity centre at Anegundi | ||
| 300 | _aNA | ||
| 500 | _a1BM04AT025 | ||
| 502 |
_8B.Arch _NBMS College of Architecture, Visvesvaraya Technological University _aProject report _d2009 |
||
| 650 | _aAnegundi | ||
| 700 |
_aK Jaisim _eGuide |
||
| 700 |
_aMamatha P Raj _eGuide |
||
| 942 |
_2ddc _cTHE |
||